|
|
|
|
| LEADER |
01523nam a22003257a 4500 |
| 001 |
42668 |
| 003 |
BD-DhAAL |
| 008 |
240610t2000 nyua|||| |||| 00| 0 eng d |
| 020 |
|
|
|a 0022789545
|
| 020 |
|
|
|a 9780022789541
|
| 040 |
|
|
|a BD-DhAAL
|c BD-DhAAL
|
| 082 |
|
|
|a 500
|2 23
|
| 245 |
|
|
|a Be a scientist /
|c Richard Moyer ... [et al.].
|
| 250 |
|
|
|a Macmillan/McGraw-Hill edition
|
| 264 |
|
|
|a New York :
|b McGraw-Hill School Division,
|c c2000.
|
| 300 |
|
|
|a various paging :
|b color illustrations ;
|c 28 cm.
|
| 490 |
|
|
|a McGraw-Hill science
|
| 541 |
|
|
|a Donation from the Asia Foundation/Savar Campus Library
|e 42668, 42669
|
| 650 |
|
|
|a Science.
|
| 650 |
|
|
|a Science
|v Juvenile literature.
|9 56539
|
| 650 |
|
|
|a Science
|x Study and teaching.
|
| 650 |
|
|
|a Science
|x Vocational guidance.
|9 56540
|
| 700 |
|
|
|a Moyer, Richard.
|9 55346
|
| 710 |
|
|
|a McGraw-Hill School Division
|9 20417
|
| 830 |
|
|
|a McGraw-Hill science
|9 35789
|
| 852 |
|
|
|a Ayesha Abed Library
|c General Stacks
|
| 942 |
|
|
|2 ddc
|c BK
|
| 999 |
|
|
|c 46718
|d 46718
|
| 952 |
|
|
|0 0
|1 0
|2 ddc
|4 0
|6 500_000000000000000_BEA
|7 0
|9 75633
|a SCL
|b SCL
|c GEN
|d 2024-06-10
|e Donation from the Asia Foundation/Savar Campus Library
|l 0
|o 500 BEA
|p 3020042669
|r 2024-06-10
|t 2
|w 2024-06-10
|y BK
|x Donation from the Asia Foundation/Savar Campus Library
|
| 952 |
|
|
|0 0
|1 0
|2 ddc
|4 0
|6 500_000000000000000_BEA
|7 0
|9 75636
|a SCL
|b SCL
|c GEN
|d 2024-06-11
|e Donation from the Asia Foundation/Savar Campus Library
|l 0
|o 500 BEA
|p 3020042668
|r 2024-06-11
|t 1
|w 2024-06-11
|y BK
|x Donation from the Asia Foundation/Savar Campus Library
|